| 000 | 01466nam a2200325 a 4500 | ||
|---|---|---|---|
| 999 |
_c1536 _d1536 |
||
| 001 | 1231738 | ||
| 003 | CoMeUDC | ||
| 005 | 20220505170619.0 | ||
| 008 | 090923s2009 ck gr 00010cspa d | ||
| 020 | _a9789587162448 | ||
| 020 | _a9789586830447 | ||
| 040 |
_aCO-BoBLA _bspa _cCO-UdeC |
||
| 043 | _as-ck--- | ||
| 082 | 0 | 4 |
_a346.03 _bG241 |
| 100 | 1 | _aGarrido Cordobera, Lidia M. R. | |
| 245 | 1 | 4 |
_aLos daños colectivos : _bprospectiva general / _cLidia M. R. Garrido Cordobera. |
| 260 | 3 |
_aBogotá : _bPontificia Universidad Javeriana. Facultad de Ciencias Jurídicas, _c2009. |
|
| 300 |
_a349 p. ; _c24 cm. |
||
| 440 |
_aColección internacional _v10 _92062 |
||
| 504 | _aIncluye bibliografía. | ||
| 505 | _aLa responsabilidad civil y el derecho de daños -- El derecho de daños y la sociedad actual -- La responsabilidad colectiva -- Los daños colectivos y las garantías colectivas -- El rol del Estado en el derecho de daños -- El medio ambiente y el derecho de daños -- Los daños con motivo de encuentros futbolísticos y el derecho de daños -- La responsabilidad por "Riesgo de desarrollo" -- Otros supuestos especiales. | ||
| 546 | _aEspañol. | ||
| 650 | 0 |
_aDaños y perjuicios. _948 |
|
| 650 | 0 |
_aDerecho de daños _91988 |
|
| 650 | 0 |
_aDaños en propiedades (Derecho) _92063 |
|
| 650 | _aResponsabilidad civil. | ||
| 650 | _aDerecho ambiental. | ||
| 650 | 0 |
_aPartidos de fútbol _x Aspectos jurídicos _92064 |
|
| 942 |
_2ddc _cBK |
||